The Legend of Zelda: Phantom Hourglass and Spirit Tracks - Dungeons - Statistics

General Stats
  • This quiz has been taken 49 times
  • The average score is 11 of 14
Answer Stats
Answer % Correct
Fire Temple
98%
Temple of Fire
98%
Forest Temple
90%
Sand Temple
85%
Temple of Ice
85%
Temple of Wind
85%
Ocean Temple
83%
Temple of the Ocean King
78%
Snow Temple
70%
Goron Temple
65%
Temple of Courage
63%
Ghost Ship
60%
Tower of Spirits
60%
Mutoh's Temple
40%
No matching quizzes found
Score Distribution
Percent of People with Each Score
Percentile by Number Answered
Your Score History
You have not taken this quiz